000
00246nam a2200121Ia 4500
100
_a
SHARMA/P.C.
942
_c
BK
245
_a
Production technology
260
_b
S. Chand & co.
_c
2004
082
_a
671/SHA
300
_a
784
546
_a
ENGLISH
999
_c
17762
_d
17762